| 000 | 00730nam a22002057a 4500 | ||
|---|---|---|---|
| 999 |
_c17844 _d17844 |
||
| 003 | OSt | ||
| 005 | 20230120143930.0 | ||
| 008 | 230120b ||||| |||| 00| 0 eng d | ||
| 040 | _c0 | ||
| 082 | _aDPer 370.5 M720 June - December 2017 v66 no. 1-7 | ||
| 100 |
_aAlfonso, Alfa Canonizado _947431 |
||
| 245 |
_aCelebration of the birth anniversary of Josefallanes Escoda and girl scout week / _cAlfa Canonizado Alfonso |
||
| 260 |
_aPhilippines : _bPapi Publishers, Inc., _cSeptember 2017 |
||
| 300 | _avolume 66, pages 1241-143. | ||
| 650 |
_aGirl scouts. _947432 |
||
| 650 |
_aScouts and scouting. _947433 |
||
| 650 |
_aPhilippines-History. _947434 |
||
| 700 |
_aAlfonso, Alfa Canonizado _eauthor. _947431 |
||
| 942 |
_2ddc _cPER |
||